Les invasions germaniques: la pénétration mutuelle du mondo barbare et du monde romain
محفوظ في:
| المؤلف الرئيسي: | |
|---|---|
| التنسيق: | كتاب |
| اللغة: | الفرنسية |
| منشور في: |
París
Payot
1945
|
| سلاسل: | Bibliothèque Historique
|
| الموضوعات: | |
| الوسوم: |
إضافة وسم
لا توجد وسوم, كن أول من يضع وسما على هذه التسجيلة!
|
MARC
| LEADER | 00000nam a2200000 a 4500 | ||
|---|---|---|---|
| 001 | UCP9020 | ||
| 003 | CL-VaPUC | ||
| 008 | 000317e19450000FR |||||||||||||||||fre|d | ||
| 082 | 0 | 4 | |a 936.302 |b LOT |2 21 |
| 100 | |a Lot, Ferdinand |e autor |9 442385 | ||
| 245 | 1 | 4 | |a Les invasions germaniques: la pénétration mutuelle du mondo barbare et du monde romain |
| 300 | |a 340 p | ||
| 942 | |c BK | ||
| 945 | |d 20000317 00:00:00 |a rherrera | ||
| 260 | |a París |b Payot |c 1945 | ||
| 650 | 0 | |a Historia antigua |9 267521 | |
| 650 | 0 | |a Historia de Europa |9 392003 | |
| 650 | 7 | |a GERMANOS |2 CL-VaPUC |9 322979 | |
| 650 | 7 | |a INVASIONES |2 CL-VaPUC |9 392362 | |
| 650 | 0 | |a Imperio Romano |9 322785 | |
| 650 | 7 | |a LOMBARDOS |2 CL-VaPUC |9 439297 | |
| 650 | 7 | |a GALOS |2 CL-VaPUC |9 439323 | |
| 650 | 7 | |a INFLUENCIAS |2 CL-VaPUC |9 392669 | |
| 651 | 0 | |a Europa |9 255156 | |
| 583 | |a last modification |c 20000317 00:00:00 |k Rodrigo Vera | ||
| 490 | 0 | |a Bibliothèque Historique | |
| 999 | |c 285873 |d 285871 | ||
| 952 | |0 0 |1 0 |4 0 |6 936_302000000000000_LOT_1945 |7 0 |8 X |9 330727 |a BIBHIS |b BIBHIS |d 2019-11-20 |i 1394908 |o 936.302 LOT 1945 |p 1394908 |r 2024-01-30 |w 2019-11-20 |y BK_X |k HIS | ||